Difracción de Rayos X (Record no. 26946)

MARC details
000 -LEADER
campo de control de longitud fija 00763nam a2200205 i 4500
001 - NÚMERO DE CONTROL
campo de control 26946
003 - IDENTIFICADOR DE NÚMERO DE CONTROL
campo de control ES-MaACL
005 - FECHA Y HORA DE LA ÚLTIMA TRANSACCIÓN
campo de control 20230906153529.0
007 - CAMPO FIJO DE DESCRIPCIÓN FÍSICA--INFORMACIÓN GENERAL
campo de control de longitud fija t|
008 - DATOS DE LONGITUD FIJA--INFORMACIÓN GENERAL
campo de control de longitud fija 030113s1955 sp ||||1| spa d
100 1# - ENTRADA PRINCIPAL--NOMBRE DE PERSONA
Nombre de persona Asensio Amor, Isidoro.
9 (RLIN) 23585
245 10 - MENCIÓN DEL TÍTULO
Título Difracción de Rayos X
Resto del título : aplicaciones analíticas en la investigación científica e industrial /
Mención de responsabilidad, etc. Isidoro Asensio Amor ; prólogo de José Luis Amorós Portolés.
260 ## - PUBLICACIÓN, DISTRIBUCIÓN, ETC.
Lugar de publicación, distribución, etc. Madrid :
Nombre del editor, distribuidor, etc. Aguilar,
Fecha de publicación, distribución, etc. 1955 (
Fabricante Minerva)
300 ## - DESCRIPCIÓN FÍSICA
Extensión XVI, 161 p. :
Otras características físicas il. ;
Dimensiones 18 cm.
490 1# - MENCIÓN DE SERIE
Mención de serie Publicación de la Universidad de Madrid
700 0# - ENTRADA AGREGADA--NOMBRE PERSONAL
Nombre de persona Amorós, José Luis.
9 (RLIN) 21315
830 0# - PUNTO DE ACCESO ADICIONAL DE SERIE-TÍTULO UNIFORME
Título uniforme Publicación de la Universidad de Madrid
9 (RLIN) 229190
852 ## - LOCALIZACIÓN
Ubicación ES-MaACL
Número de control de estantería C-10655
Sublocalización o colección R.37738
Holdings
Estatus retirado Estado de pérdida Estado de daño No para préstamo Biblioteca de origen Biblioteca actual Ubicación en estantería Fecha de adquisición Fuente de adquisición Total de préstamos Signatura topográfica completa Código de barras Visto por última vez Precio de reemplazo Tipo de ítem Koha
        Biblioteca del Ateneo de Madrid Biblioteca del Ateneo de Madrid Sala Palomar 17/01/2008     C-10655 1027814 23/02/2023 23/02/2023 Libro impreso